Tự học tiếng Anh = Teach yourself English book
Sách dành cho các bạn mới bắt đầu học tiếng Anh, có phiên âm tiếng Việt được trình bài theo phương pháp trực tiếp, ứng dụng nói chuyện giao tiếp bình thường trong đời sống hàng ngày.
Bewaard in:
| Hoofdauteur: | |
|---|---|
| Formaat: | Boek |
| Taal: | Undetermined |
| Gepubliceerd in: |
Đồng Nai
Đồng Nai
2002
|
| Onderwerpen: | |
| Tags: |
Voeg label toe
Geen labels, Wees de eerste die dit record labelt!
|
| Thư viện lưu trữ: | Trung tâm Học liệu Trường Đại học Cần Thơ |
|---|
| LEADER | 00940nam a2200217Ia 4500 | ||
|---|---|---|---|
| 001 | CTU_52089 | ||
| 008 | 210402s9999 xx 000 0 und d | ||
| 020 | |c 7500 | ||
| 082 | |a 428.24 | ||
| 082 | |b L106/T.1 | ||
| 100 | |a Trần, Sỹ Lang | ||
| 245 | 0 | |a Tự học tiếng Anh = Teach yourself English book | |
| 245 | 0 | |c Trần Sỹ Lang and Hoàng Lê Chính | |
| 260 | |a Đồng Nai | ||
| 260 | |b Đồng Nai | ||
| 260 | |c 2002 | ||
| 520 | |a Sách dành cho các bạn mới bắt đầu học tiếng Anh, có phiên âm tiếng Việt được trình bài theo phương pháp trực tiếp, ứng dụng nói chuyện giao tiếp bình thường trong đời sống hàng ngày. | ||
| 650 | |a English language,Ngôn ngữ tiếng Anh | ||
| 650 | |x Self-instruction,Tự học | ||
| 904 | |i Anh, Năm | ||
| 980 | |a Trung tâm Học liệu Trường Đại học Cần Thơ | ||